Countries with First Vowel 'E' - Statistics

General Stats
  • This quiz has been taken 1,448 times
  • The average score is 29 of 36
Answer Stats
Con Country % Correct
Eu Estonia
93%
So Ecuador
90%
Af Eritrea
89%
Af Ethiopia
89%
So Peru
89%
Af Egypt
88%
Eu Belgium
87%
Eu Denmark
87%
Oc New Zealand
87%
So Venezuela
86%
Eu Belarus
85%
No El Salvador
85%
Eu Germany
85%
No Mexico
84%
Eu Sweden
83%
No Belize
81%
Af Benin
81%
Eu Greece
81%
Eu Netherlands
81%
As Yemen
80%
Af Senegal
79%
Eu Serbia
79%
Af Kenya
78%
Af Lesotho
78%
Af Equatorial Guinea
76%
Eu Czech Republic
75%
As Lebanon
75%
As Nepal
73%
No Grenada
72%
As East Timor
71%
Af Democratic Republic of the Congo
70%
Af Seychelles
70%
As Georgia
69%
Af Central African Republic
68%
Af Republic of the Congo
66%
Oc Federated States of Micronesia
60%
No matching quizzes found
Score Distribution
Percent of People with Each Score
Percentile by Number Answered
Your Score History
You have not taken this quiz